| 000 | 01651nam a2200469Ii 4500 | ||
|---|---|---|---|
| 001 | DIGANAGRA0015 | ||
| 003 | NyNyDIG | ||
| 006 | m o d | ||
| 007 | cr ||||||||||| | ||
| 008 | 150401t20112011sp o 000 f spa d | ||
| 035 | _a(OCoLC)992016815 | ||
| 040 |
_aDGITA _beng _erda _epn _cDGITA |
||
| 020 |
_a9788433933348 _q(eBook ; _qePub) |
||
| 020 | _z9788433972323 | ||
| 020 | _z8433972324 | ||
| 043 | _as-ag--- | ||
| 050 | 1 | 4 | _aPQ7798.13.A57 eBook |
| 100 | 1 |
_aCaparrós, Martín, _d1957- _eauthor. |
|
| 245 | 1 | 4 |
_aLos Living / _cMartín Caparrós. |
| 250 | _aEdición en formato digital. | ||
| 264 | 1 |
_aBarcelona : _bEditorial Anagrama, _cnoviembre de 2011. |
|
| 264 | 4 | _c©2011 | |
| 300 | _a1 online resource | ||
| 336 |
_atext _btxt _2rdacontent |
||
| 337 |
_acomputer _bc _2rdamedia |
||
| 338 |
_aonline resource _bcr _2rdacarrier |
||
| 490 | 1 |
_aNarrativas hispánicas ; _v493 |
|
| 500 | _aNovel. | ||
| 586 | _aPremio Herralde de Novela 2011. | ||
| 588 | 0 | _aOnline resource; title from ePub title page (Digitalia, viewed April 20, 2015) | |
| 650 | 0 |
_aArgentine fiction _y21th century. |
|
| 650 | 0 |
_aDeath _vFiction. |
|
| 650 | 0 |
_aReligion _vFiction. |
|
| 655 | 0 | _aElectronic books. | |
| 791 | 2 |
_aDigitalia (Firm), _edistributor. |
|
| 793 | 0 |
_gDigitalia Hispánica eBook Collection: _aAnagrama |
|
| 776 | 0 | 8 |
_iPrint version: _aCaparrós, Martín. _tLiving. _dBarcelona : Editorial Anagrama, 2011 _z9788433972323 _w(OCoLC)764333830 |
| 830 | 0 |
_aNarrativas hispánicas ; _v493. |
|
| 856 | 4 | 0 |
_3Digitalia Hispánica _uhttps://www.digitaliapublishing.com/a/33107/ |
| 910 | _aPremium Collection: 2016 | ||
| 942 | _cRAA | ||
| 999 |
_c241749 _d241749 |
||